000 00649nam a2200205Ia 4500
001 15598
003 GE_BSU
008 181216s||||||||xx |||||||||||||| ||und||
040 _cGE_BSU
080 _a821.161.1-2
100 _aგორკი, მ.
245 _aმტრები : სცენები
245 _cმთარგმნ. ფატი გოკიელი. რედ. ლ.ანთაძე. მხატვ.ლ.გუდიაშვილი
260 _aთბილისი
260 _bხელოვნება
260 _c1956
300 _a84გვ. ; 20სმ.
653 _aმტრები
942 _cBK
999 _c48698
_d48698